Business organisation and management: As per FYUG syllabus as prescribed under NEP (Record no. 396249)

MARC details
000 -LEADER
fixed length control field 00565 a2200193 4500
005 - DATE & TIME
control field 20260406123503.0
008 - FIXED-LENGTH DATA ELEMENTS--GENERAL INFORMATION
fixed length control field 260403b |||||||| |||| 00| 0 eng d
020 ## - ISBN
International Standard Book Number 9788198051837
Price Rs. 320.00
040 ## - CATALOGING SOURCE
Original cataloging agency VIVEKANANDA LIBRARY
082 ## - DDC NUMBER
Classification number 658
Book Number D26B
100 ## - MAIN ENTRY--PERSONAL NAME
Personal name Dass, Kishor Kumar
245 ## - TITLE STATEMENT
Title Business organisation and management: As per FYUG syllabus as prescribed under NEP
260 ## - PUBLICATION, DISTRIBUTION, ETC. (IMPRINT)
Name of publisher, distributor, etc Kitab Mahal Publishers
Date of publication, distribution, etc 2024
Place of publication, distribution, etc New Delhi
300 ## - PHYSICAL DESCRIPTION
Pages viii, 304
650 ## - Subject
Subject Management
650 ## - Subject
Subject Business Organisation
700 ## - Added Entry Personal Name
Added Entry Personal Name Sahoo, Aditya Prasad
942 ## - ADDED ENTRY ELEMENTS (KOHA)
Koha item type Books
Holdings
Withdrawn status Lost status Source of classification or shelving scheme Damaged status Not for loan Location (home branch) Sublocation or collection (holding branch) Shelving location Date acquired Koha issues (times borrowed) Koha full call number Accession No. Koha date last seen Koha item type
    Dewey Decimal Classification     VIVEKANANDA LIBRARY VIVEKANANDA LIBRARY Law Library 18/03/2026   658 D26B 378211 18/03/2026 Books
    Dewey Decimal Classification     VIVEKANANDA LIBRARY VIVEKANANDA LIBRARY Law Library 18/03/2026   658 D26B 378207 18/03/2026 Books
    Dewey Decimal Classification     VIVEKANANDA LIBRARY VIVEKANANDA LIBRARY Law Library 18/03/2026   658 D26B 378208 18/03/2026 Books
    Dewey Decimal Classification     VIVEKANANDA LIBRARY VIVEKANANDA LIBRARY Law Library 18/03/2026   658 D26B 378210 18/03/2026 Books
    Dewey Decimal Classification     VIVEKANANDA LIBRARY VIVEKANANDA LIBRARY Law Library 18/03/2026   658 D26B 378209 18/03/2026 Books
© Designed and Maintained by Vivekananda Library, MDU Rohtak